Účtovníctvo ako zdroj informácií pri zdaňovaní podnikateľských subjektov diplomová práca

Enregistré dans:
Détails bibliographiques
Auteur principal: Peťková, Jaroslava
Collectivité auteur: Fakulta hospodárskej informatiky EU. Katedra účtovníctva a audítorstva
Autres auteurs: Baštincová, Anna
Format: Livre
Langue:slovaque
Publié: Bratislava 2012
Tags: Ajouter un tag
Pas de tags, Soyez le premier à ajouter un tag!

MARC

LEADER 00000nbm a2200000 4500
001 0154721
005 20161109102140.2
041 0 |a slo 
044 |a SK 
245 1 0 |a Účtovníctvo ako zdroj informácií pri zdaňovaní podnikateľských subjektov  |b diplomová práca  |c Jaroslava Peťková ; školiteľ: Anna Baštincová 
264 1 |a Bratislava  |c 2012 
300 |a 73 s. 
100 1 |a Peťková, Jaroslava 
700 1 |a Baštincová, Anna 
710 2 |a Fakulta hospodárskej informatiky EU. Katedra účtovníctva a audítorstva